00456nam a2200121Ia 450000500170000000800410001702000180005808200230007610000590009924501210015826000390027930000160031820250321143855.0231217s9999 xx 000 0 und d a9788126514731 a001.6424 ARN;1 R aArnold, Tom. Hopton, Dominic. Leonard, Andy [et al...] 0aProfessional software testing with visual studio 2005 team system : tools for software developers and test engineers c2007bJohn Wiley & SonsaNew Delhi axxviii, 760